000 00611nam a2200205Ia 4500
005 20260121110253.0
008 008 260114s9999 xx 000 0 hin d
020 _a9788132352365
037 _aEBOOK
040 _aCRL
_bhin
_cCRL
041 _ahin
_2hin
084 _qCRL
100 _aहरिओम झा / Hariom Jha
_9944137
245 0 _aअपराध कानून / Aparadh Kanoon
260 _bभाषा प्रकाशन / Bhasha Prakashan
_c2020
856 _uhttps://bhashaprakashan.com/product-details/378576
942 _cEBOOK
999 _c1535801
_d1535801